Право внутреннего рынка Евнопейського Союза (Запис № 313851)

МАРК-запис
000 -LEADER
fixed length control field 00769nam a22002657a 4500
001 - CONTROL NUMBER
control field 27505
003 - CONTROL NUMBER IDENTIFIER
control field UA-OsUOA
005 - DATE AND TIME OF LATEST TRANSACTION
control field 20210725211607.0
007 - PHYSICAL DESCRIPTION FIXED FIELD--GENERAL INFORMATION
fixed length control field ta
008 - FIXED-LENGTH DATA ELEMENTS--GENERAL INFORMATION
fixed length control field 20040729b un ||||| |||| 00| 0 ukr d
020 ## - INTERNATIONAL STANDARD BOOK NUMBER
International Standard Book Number 966-311-013-9 (рус.)
040 ## - CATALOGING SOURCE
Original cataloging agency UA-OsUOA
Language of cataloging ukr
Transcribing agency UA-OsUOA
Modifying agency UA-OsUOA
041 ## - LANGUAGE CODE
Language code of text/sound track or separate title ukr
044 ## - COUNTRY OF PUBLISHING/PRODUCING ENTITY CODE
MARC country code UA
080 ## - UNIVERSAL DECIMAL CLASSIFICATION NUMBER
Universal Decimal Classification number 341.215.2(0075.8)
090 ## - LOCALLY ASSIGNED LC-TYPE CALL NUMBER (OCLC); LOCAL CALL NUMBER (OCLC)
Classification number (OCLC) (R) ; Classification number, CALL (RLIN) (NR) 341.215.2(0075.8)
Local cutter number (OCLC) ; Book number/undivided call number, CALL (RLIN) Д27
100 ## - MAIN ENTRY--PERSONAL NAME
Personal name Герат Д.
245 ## - TITLE STATEMENT
Title Право внутреннего рынка Евнопейського Союза
Remainder of title учеб. пособ.
260 ## - PUBLICATION, DISTRIBUTION, ETC. (IMPRINT)
Place of publication, distribution, etc Киев
Name of publisher, distributor, etc Знання-Прес
Date of publication, distribution, etc 2004
300 ## - PHYSICAL DESCRIPTION
Extent 422 с.
650 #7 - SUBJECT ADDED ENTRY--TOPICAL TERM
Source of heading or term UDC
942 ## - ADDED ENTRY ELEMENTS (KOHA)
Koha item type Книги
Source of classification or shelving scheme Universal Decimal Classification
955 ## - COPY-LEVEL INFORMATION (RLIN)
Classification number, CCAL (RLIN) інше
Фонди
Withdrawn status Lost status Source of classification or shelving scheme Damaged status Not for loan Home library Current library Date acquired Cost, normal purchase price Inventory number Total Checkouts Full call number Barcode Date last seen Price effective from Koha item type Source of acquisition
    Universal Decimal Classification     АБ - Абонемент НБ АБ - Абонемент НБ 10/11/2008 62.70 116829   341.215.2(075.8) Д27 116829 15/12/2021 10/11/2008 Книги 150/2008
    Universal Decimal Classification     АБ - Абонемент НБ АБ - Абонемент НБ 10/11/2008 62.70 116830   341.215.2(075.8) Д27 116830 14/12/2021 10/11/2008 Книги 150/2008
    Universal Decimal Classification     ЧЗ - Читальна зала ЧЗ - Читальна зала 29/07/2004 60.09 80019   341.215.2(0075.8) Д27 80019 06/02/2022 29/07/2004 Книги